000 00929nas a2200301 4500
001 BR9601472
003 BR-BrBNA
005 20231205094710.0
007 ta
008 230509b bl.|||p| |||| 00| 00por d
040 _aBR-BrBNA
_bpor
_cBiblioteca Nacional de Agricultura
041 _a(Pt)
072 _aP05; P07; U10
100 1 _aGabriel, L.R.A.
100 1 _aBoller, W.
100 1 _aRalisch, R.
100 1 _aKawaphara, M.K.
100 1 _aCabello, C.
100 1 _aCuri, P.R.
245 1 _aUtilizacao de metodos de analise estatistica multivariada para a interpretacao das informacoes energeticas estaduais
650 _aEnergia
650 _aConsumo
650 _aProducao
650 _aModelo Matematico
773 0 _tRevista de Economia e Sociologia Rural (Brazil)
_xISSN 0103-2003
_g(Oct-Dec 1994), v. 32(4) p. 375-390
_wBR9601472
909 _a202311
_bLúcia
_c55
_dLúcia Elande
942 _2AGRIS
_n0
_cANA
999 _c146218
_d146218